000 01065nmm a2200313 a 4500
001 ocm000786392
003 TR-IsHL
005 20201028140105.0
008 131212s1998 tu tur
007 cr cn
035 _a786392
_b(N$T)
050 0 4 _aHC491
_b.B37 1998
090 0 4 _aHC491
_b.B37 1998
245 1 0 _aBaşarılı ihracatçılar 1997 =
_bOutstanding exporters 1997
_h[electronic resource]
260 _aİstanbul :
_bİstanbul Ticaret Odası,
_c1998
300 _a112 p.
650 4 _aEkonomi ve Finans
650 4 _aEconomics and Finance
650 0 _aTürkiye
_x Ekonomi politikası
650 0 _aTurkey
_x Economic policy
650 0 _aTürkiye
_x Ekonomik koşullar
650 0 _aTurkey
_x Economic conditions
650 0 _aEkonomi
_x Türkiye
650 0 _aEconomics
_x Turkey
650 0 _aİhracatçılar
_x Türkiye
650 0 _aExporters
_x Turkey
650 7 _aBUSINESS & ECONOMICS / Economic Conditions
_2bisacsh
856 4 0 _uhttp://search.ebscohost.com/login.aspx?direct=true&scope=site&db=e011xww&AN=786392
999 _c7098
_d7098